Statistics for Famous Athlete by Picture #2

Click here to take the quiz!

General Stats

  • This quiz has been taken 30 times
  • The average score is 10 of 16

Answer Stats

Answer% Correct
Kobe Bryant
90%
Cristiano Ronaldo
86%
David Beckham
83%
Kylian Mbappe
79%
Conor McGregor
66%
Giannis Antetokounmpo
66%
Kareem Abdul-Jabbar
66%
Tom Brady
66%
Anthony Davis
62%
Jude Bellingham
52%
Thierry Henry
52%
John Stockton
48%
Cam Newton
45%
Lamar Jackson
45%
Manny Pacquiao
38%
Jon Jones
21%

Score Distribution

Percentile by Number Answered

Percent of People with Each Score

Your Score History

You have not taken this quiz